000 00872nam a22002297a 4500
999 _c2296
_d2296
001 2296
003 BD-JhCC
005 20181112134017.0
008 171031s1980 bg |||| |||| 000 0 ben d
035 _a(BD-JhCC)2296
040 _aBD-JhCC
_dBD-JhCC
041 _aben
082 _a891.443
_bHOS 1980
100 _aহোসেন, মীর মশাররফ
245 _aমশাররফ রচনা-সম্ভার /
_cমীর মশাররফ হোসেন সম্পাদনায় ড. কাজী আবদুল মান্নান
260 _aঢাকা :
_bবাংলা একাডেমী ঢাকা,
_c১৯৮০.
300 _a৭৪৮ পৃ. :
_c২২ সেমি.
650 _aCollection of Novels
700 _a মান্নান, ড. কাজী আবদুল
942 _2ddc
_cBK
_02